[Event "CAN/QC op"]
[Site "Montreal CAN"]
[Date "2002.07.15"]
[Round "4"]
[White "Duong, Thanh Nha"]
[Black "Fernandez, Lautaro"]
[Result "0-1"]
[WhiteElo "2360"]
[BlackElo "2006"]
[PlyCount "100"]
[EventDate "2002.07.13"]
[EventType "swiss"]
[EventRounds "9"]
[EventCountry "CAN"]

1. b3 b6 2. Bb2 Bb7 3. c4 c5 4. e3 e6 5. Nf3 Nf6 6. d4 Be7 7. Bd3 cxd4 8. exd4
d5 9. O-O O-O 10. Nbd2 Nc6 11. Rc1 Rc8 12. Qe2 Re8 13. Rfd1 Nd7 14. Bb1 Bf6 15.
Ne5 Nf8 16. Ndf3 Ba6 17. Qe3 dxc4 18. bxc4 Bxe5 19. dxe5 Qc7 20. Ng5 Red8 21.
Rxd8 Rxd8 22. h4 h6 23. Ne4 Ng6 24. Nf6+ gxf6 25. h5 f5 26. hxg6 fxg6 27. Qxh6
Qh7 28. Qxh7+ Kxh7 29. Bc2 Rd2 30. Bc3 Re2 31. Bb3 Nxe5 32. Rd1 Bxc4 33. Bxe5
Bxb3 34. Rd7+ Kg8 35. Bc3 Rxa2 36. Rg7+ Kf8 37. Rxg6 Bd5 38. Rh6 b5 39. Rh8+
Ke7 40. Rb8 a6 41. f3 Kd6 42. Rg8 a5 43. g4 b4 44. Bf6 fxg4 45. fxg4 b3 46. g5
b2 47. Bxb2 Rxb2 48. g6 Rg2+ 49. Kf1 Rg5 50. g7 Ke7 0-1

[Event "CAN/QC op"]
[Site "Montreal CAN"]
[Date "2002.07.16"]
[Round "5"]
[White "Robichaud, Louis"]
[Black "Duong, Thanh Nha"]
[Result "0-1"]
[WhiteElo "2052"]
[BlackElo "2360"]
[PlyCount "56"]
[EventDate "2002.07.13"]
[EventType "swiss"]
[EventRounds "9"]
[EventCountry "CAN"]

1. e4 c5 2. Nc3 Nc6 3. g3 g6 4. Bg2 Bg7 5. d3 e5 6. f4 d6 7. Nf3 Nge7 8. O-O
O-O 9. f5 gxf5 10. Nh4 Nd4 11. Qh5 fxe4 12. dxe4 f6 13. Rf2 Be6 14. Be3 Qd7 15.
Qd1 f5 16. Qd2 fxe4 17. Rxf8+ Rxf8 18. Nxe4 b6 19. c3 Ndf5 20. Nxf5 Nxf5 21.
Ng5 Nxe3 22. Nxe6 Qxe6 23. Qxe3 d5 24. Rd1 e4 25. Qg5 d4 26. c4 Kh8 27. Qd5 Qg4
28. Re1 d3 0-1

[Event "CAN/QC op"]
[Site "Montreal CAN"]
[Date "2002.07.17"]
[Round "6"]
[White "Duong, Thanh Nha"]
[Black "Davies, Lucas"]
[Result "1-0"]
[WhiteElo "2360"]
[BlackElo "1944"]
[PlyCount "87"]
[EventDate "2002.07.13"]
[EventType "swiss"]
[EventRounds "9"]
[EventCountry "CAN"]

1. d4 Nf6 2. Bg5 e6 3. e3 Be7 4. Nf3 O-O 5. Bd3 d6 6. c4 Nbd7 7. Nc3 b6 8. O-O
c5 9. Rc1 Bb7 10. Qe2 a6 11. a3 Qc7 12. d5 exd5 13. cxd5 b5 14. b4 c4 15. Bb1
Rfe8 16. Rfd1 Bf8 17. Qc2 g6 18. e4 Bg7 19. Qd2 Reb8 20. h3 Bc8 21. Nd4 Rb6 22.
Be3 Rb7 23. f4 Ne8 24. Nc6 Kh8 25. Kh1 Nb6 26. Ne2 Bd7 27. Ned4 Bxc6 28. Nxc6
Nc8 29. e5 Ne7 30. Be4 Kg8 31. g4 Qc8 32. Bd4 Nxc6 33. dxc6 Re7 34. Qg2 dxe5
35. Bc5 Rc7 36. fxe5 Bxe5 37. Rd5 Qe6 38. Bb6 Re7 39. Rd7 Rb8 40. Bd5 Qf6 41.
Rf1 Qg5 42. Rxe7 Qxe7 43. Rxf7 Qh4 44. Rf5+ 1-0

[Event "CAN/QC op"]
[Site "Montreal CAN"]
[Date "2002.07.18"]
[Round "7"]
[White "Meng, Fanhao"]
[Black "Duong, Thanh Nha"]
[Result "0-1"]
[WhiteElo "2116"]
[BlackElo "2360"]
[PlyCount "98"]
[EventDate "2002.07.13"]
[EventType "swiss"]
[EventRounds "9"]
[EventCountry "CAN"]

1. e4 c6 2. d4 g6 3. Nc3 Bg7 4. Be3 d5 5. e5 h5 6. f4 Nh6 7. Nf3 Bg4 8. h3 Bxf3
9. Qxf3 Nf5 10. Bf2 h4 11. Bd3 e6 12. O-O-O a5 13. Bxf5 exf5 14. g3 hxg3 15.
Qxg3 Kd7 16. h4 Rh5 17. Qf3 Na6 18. Ne2 Nc7 19. Ng3 Rh6 20. h5 Ne6 21. Ne2 Qh8
22. c4 Nc7 23. Nc3 Ke6 24. cxd5+ Nxd5 25. Nxd5 cxd5 26. Qb3 Qc8+ 27. Kb1 a4 28.
Qf3 Rxh5 29. Rxh5 gxh5 30. Rg1 Qc4 31. Rc1 Qa6 32. Rc5 Rd8 33. Bh4 f6 34. exf6
Bxf6 35. Qe3+ Kf7 36. Rc7+ Kf8 37. Bxf6 Qxf6 38. Qe5 Qxe5 39. dxe5 Kg8 40. e6
h4 41. Rd7 Re8 42. Rxd5 Rxe6 43. Rxf5 Rh6 44. Kc2 h3 45. Rg5+ Kf7 46. Rg1 Kf6
47. Kc3 h2 48. Rh1 Kf5 49. Kb4 Kxf4 0-1

[Event "CAN/QC op"]
[Site "Montreal CAN"]
[Date "2002.07.19"]
[Round "8"]
[White "Duong, Thanh Nha"]
[Black "Degraeve, Jean Marc"]
[Result "0-1"]
[WhiteElo "2360"]
[BlackElo "2612"]
[PlyCount "54"]
[EventDate "2002.07.13"]
[EventType "swiss"]
[EventRounds "9"]
[EventCountry "CAN"]

1. d4 Nf6 2. c4 c5 3. Nf3 cxd4 4. Qxd4 Nc6 5. Qf4 e5 6. Qh4 e4 7. Nfd2 Nd4 8.
Na3 Bxa3 9. bxa3 Nc2+ 10. Kd1 Nxa1 11. Bb2 d5 12. cxd5 Qxd5 13. Bxa1 Be6 14.
Bxf6 gxf6 15. Qxe4 Qxe4 16. Nxe4 Ke7 17. Kd2 Rac8 18. f3 Rhd8+ 19. Ke3 Rd1 20.
h4 b5 21. h5 a5 22. g4 Bxa2 23. h6 b4 24. axb4 axb4 25. Nf2 Ra1 26. Nd3 b3 27.
Kf2 Rc3 0-1

[Event "CAN/QC op"]
[Site "Montreal CAN"]
[Date "2002.07.20"]
[Round "9"]
[White "Caceres Cortes, Julio"]
[Black "Duong, Thanh Nha"]
[Result "0-1"]
[WhiteElo "2090"]
[BlackElo "2360"]
[PlyCount "66"]
[EventDate "2002.07.13"]
[EventType "swiss"]
[EventRounds "9"]
[EventCountry "CAN"]

1. e4 c6 2. d4 g6 3. Nc3 Bg7 4. f4 d5 5. e5 h5 6. Nf3 Nh6 7. Bd3 Bg4 8. h3 Bxf3
9. Qxf3 e6 10. Be3 h4 11. O-O-O Na6 12. g4 hxg3 13. Qxg3 Qe7 14. a3 Nf5 15.
Bxf5 exf5 16. h4 Rh5 17. Ne2 O-O-O 18. Bf2 Nc7 19. c3 Ne6 20. Rh3 Rdh8 21. Rdh1
Qd8 22. Kb1 Kb8 23. Ng1 Bf8 24. Nf3 Be7 25. Be3 a5 26. Qe1 Qb6 27. Ka2 Qb5 28.
Ng5 Bxg5 29. fxg5 Qc4+ 30. b3 Qd3 31. a4 Qe4 32. Qf1 Qc2+ 33. Ka3 Qxc3 0-1

[Event "Quebec-ch inv."]
[Site "Montreal CAN"]
[Date "2002.06.16"]
[Round "2"]
[White "Duong, Thanh Nha"]
[Black "Cuartas, Carlos"]
[Result "1/2-1/2"]
[WhiteElo "2339"]
[BlackElo "2307"]
[PlyCount "62"]
[EventDate "2002.06.15"]
[EventType "tourn"]
[EventRounds "9"]
[EventCountry "CAN"]
[EventCategory "6"]

1. d4 e6 2. c4 Nf6 3. Nf3 b6 4. Bg5 Bb7 5. e3 Bb4+ 6. Nc3 h6 7. Bxf6 Bxc3+ 8.
bxc3 Qxf6 9. Bd3 d6 10. e4 e5 11. O-O O-O 12. Re1 Nc6 13. d5 Ne7 14. Nd2 Bc8
15. Nf1 Ng6 16. Ne3 Nf4 17. Bf1 Qg6 18. g3 Nh3+ 19. Bxh3 Bxh3 20. Qd3 f5 21.
exf5 Bxf5 22. Nxf5 Qxf5 23. Qxf5 Rxf5 24. Re3 Raf8 25. Rf1 g5 26. h3 Kg7 27.
Kg2 h5 28. Re4 Kg6 29. f3 R5f7 30. Rf2 Rf6 31. Rf1 R8f7 1/2-1/2

[Event "Quebec-ch inv."]
[Site "Montreal CAN"]
[Date "2002.06.17"]
[Round "3"]
[White "Lazarev, Vladimir"]
[Black "Duong, Thanh Nha"]
[Result "1/2-1/2"]
[WhiteElo "2449"]
[BlackElo "2339"]
[PlyCount "47"]
[EventDate "2002.06.15"]
[EventType "tourn"]
[EventRounds "9"]
[EventCountry "CAN"]
[EventCategory "6"]

1. d4 f5 2. g3 Nf6 3. Bg2 e6 4. c4 d5 5. Qc2 c6 6. Nh3 Be7 7. O-O O-O 8. Nd2
Na6 9. a3 Nc7 10. b3 Bd7 11. Nf4 Be8 12. Bb2 g5 13. Nd3 Ne4 14. Nxe4 fxe4 15.
Ne5 Bf6 16. f3 Bxe5 17. dxe5 exf3 18. exf3 Bg6 19. Qc3 Qe7 20. Rad1 c5 21. cxd5
Nxd5 22. Qc1 Rad8 23. Rf2 b5 24. Bf1 1/2-1/2

[Event "Quebec-ch inv."]
[Site "Montreal CAN"]
[Date "2002.06.20"]
[Round "5"]
[White "Times, Jerald"]
[Black "Duong, Thanh Nha"]
[Result "1/2-1/2"]
[WhiteElo "2359"]
[BlackElo "2339"]
[PlyCount "81"]
[EventDate "2002.06.15"]
[EventType "tourn"]
[EventRounds "9"]
[EventCountry "CAN"]
[EventCategory "6"]

1. c4 Nf6 2. g3 c6 3. d4 d5 4. cxd5 cxd5 5. Bg2 Nc6 6. Nf3 Qb6 7. Nc3 Bf5 8.
O-O e6 9. b3 h6 10. Bb2 Be7 11. Rc1 Ne4 12. Na4 Qa6 13. Nd2 O-O 14. Nxe4 dxe4
15. e3 Nb4 16. Ba3 Rfe8 17. Bxb4 Bxb4 18. Rc4 Qa5 19. Rc2 Rad8 20. Qa1 e5 21.
Nc5 Rc8 22. a3 Bxc5 23. dxc5 Qb5 24. b4 h5 25. Rfc1 h4 26. Rc4 h3 27. Bxe4 Bxe4
28. Rxe4 Qc6 29. f3 f5 30. b5 Qd5 31. Rh4 Qd2 32. Rxh3 Qxe3+ 33. Kg2 Qe2+ 34.
Kg1 Qe3+ 35. Kg2 Qd2+ 36. Kh1 e4 37. Rd1 Qe2 38. Rd7 Qxf3+ 39. Kg1 Qe3+ 40. Kh1
Qf3+ 41. Kg1 1/2-1/2

[Event "Quebec-ch inv."]
[Site "Montreal CAN"]
[Date "2002.06.21"]
[Round "6"]
[White "Barbeau, Sylvain"]
[Black "Duong, Thanh Nha"]
[Result "0-1"]
[WhiteElo "2397"]
[BlackElo "2339"]
[PlyCount "110"]
[EventDate "2002.06.15"]
[EventType "tourn"]
[EventRounds "9"]
[EventCountry "CAN"]
[EventCategory "6"]

1. e4 c6 2. d4 g6 3. Nc3 Bg7 4. Bc4 b5 5. Bb3 b4 6. Nce2 d6 7. a3 Nf6 8. f3
bxa3 9. Rxa3 O-O 10. Be3 Nbd7 11. Nh3 Qc7 12. O-O c5 13. Nf2 Bb7 14. Qd2 Rfc8
15. c4 e6 16. Rfa1 a6 17. Ba2 Bf8 18. dxc5 dxc5 19. Bf4 Ne5 20. Qc3 Bd6 21. Rd1
Nfd7 22. Qd2 Bf8 23. Rd3 Bc6 24. Ng4 Bg7 25. Rxd7 Bxd7 26. Bxe5 Bxe5 27. Qxd7
Qxd7 28. Rxd7 Bg7 29. Kf2 h5 30. Ne3 Bxb2 31. Bb3 Rd8 32. Rc7 Rdc8 33. Rxc8+
Rxc8 34. Nd1 Bf6 35. Ke3 Rb8 36. Bc2 Rd8 37. f4 e5 38. g3 h4 39. Ndc3 exf4+ 40.
gxf4 Bd4+ 41. Kd3 Bg1+ 42. Nd5 Bxh2 43. Ke3 Rb8 44. Kf3 Rb2 45. Ne3 g5 46. fxg5
Be5 47. Nf4 Bd4 48. Nfd5 Ra2 49. Nf6+ Kf8 50. Nfg4 a5 51. e5 h3 52. Be4 h2 53.
Kf4 Re2 54. Bc6 Bxe3+ 55. Nxe3 a4 0-1

[Event "Quebec-ch inv."]
[Site "Montreal CAN"]
[Date "2002.06.24"]
[Round "8"]
[White "Voskanyan, Vahagn"]
[Black "Duong, Thanh Nha"]
[Result "1-0"]
[WhiteElo "2315"]
[BlackElo "2339"]
[PlyCount "73"]
[EventDate "2002.06.15"]
[EventType "tourn"]
[EventRounds "9"]
[EventCountry "CAN"]
[EventCategory "6"]
[Source "Mark Crowther"]
[SourceDate "2002.07.01"]

1. Nf3 d6 2. d4 Bg4 3. c4 Nd7 4. Qb3 Qc8 5. g3 e5 6. Bg2 c6 7. Qe3 Qc7 8. Nc3
Ne7 9. Nh4 f6 10. Qd3 g6 11. d5 Rc8 12. h3 Nc5 13. Qc2 Bd7 14. Be3 g5 15. Bxc5
gxh4 16. Be3 Nf5 17. g4 Nxe3 18. fxe3 Bh6 19. O-O Bxe3+ 20. Kh1 Ke7 21. Ne4
Rcf8 22. Qd3 cxd5 23. Nc3 Be6 24. cxd5 Bxg4 25. Qxe3 Bd7 26. Ne4 h6 27. Qf2 Qc2
28. Qxh4 Rhg8 29. Nxf6 Rg5 30. Ne4 Rfg8 31. Nxg5 hxg5 32. Qh6 Bf5 33. Rxf5 Qxf5
34. Rf1 Qg6 35. Qxg6 Rxg6 36. Be4 Rh6 37. Bf5 1-0

[Event "Quebec-ch inv."]
[Site "Montreal CAN"]
[Date "2002.06.25"]
[Round "9"]
[White "Duong, Thanh Nha"]
[Black "Linskiy, Oleg"]
[Result "0-1"]
[WhiteElo "2339"]
[BlackElo "2417"]
[PlyCount "86"]
[EventDate "2002.06.15"]
[EventType "tourn"]
[EventRounds "9"]
[EventCountry "CAN"]
[EventCategory "6"]
[Source "Mark Crowther"]
[SourceDate "2002.07.01"]

1. d4 Nf6 2. c4 c5 3. d5 d6 4. Nc3 g6 5. e4 Bg7 6. Bd3 O-O 7. Nge2 e6 8. O-O
exd5 9. cxd5 Re8 10. Ng3 a6 11. a4 Ng4 12. h3 Ne5 13. Be2 Qh4 14. Be3 h6 15.
Kh2 h5 16. Qd2 Ng4+ 17. Bxg4 hxg4 18. Bg5 Qh8 19. Rh1 gxh3 20. gxh3 Nd7 21. Kg2
Ne5 22. Rac1 c4 23. Rc2 Rb8 24. f4 Nd3 25. h4 Bg4 26. h5 gxh5 27. Nce2 Nc5 28.
Rxc4 b5 29. axb5 axb5 30. Rxc5 dxc5 31. Nxh5 Rxe4 32. Nf6+ Bxf6 33. Rxh8+ Bxh8
34. Ng3 Rb4 35. Qd3 Rxb2+ 36. Kh1 Ra8 37. Nf1 Ra1 38. d6 Be2 39. d7 Rxf1+ 40.
Kg2 Bxd3+ 41. Kg3 Rg1+ 42. Kf3 Be2+ 43. Ke3 Rd1 0-1

[Event "Quebec-ch 1/2 final"]
[Site "Montreal CAN"]
[Date "2002.06.07"]
[Round "1"]
[White "Duong, Thanh Nha"]
[Black "Ramaswamy, Kishor"]
[Result "1-0"]
[WhiteElo "2351"]
[BlackElo "2076"]
[PlyCount "43"]
[EventDate "2002.06.07"]
[EventType "swiss"]
[EventRounds "5"]
[EventCountry "CAN"]

1. d4 d5 2. Nf3 Nf6 3. e3 e6 4. c4 c6 5. Qc2 Nbd7 6. b3 Bd6 7. Bb2 O-O 8. Bd3
Re8 9. Ne5 h6 10. f4 c5 11. O-O Qc7 12. Nc3 a6 13. Qe2 b6 14. cxd5 cxd4 15.
exd4 Nxd5 16. Nxd5 exd5 17. Rac1 Qb7 18. Qc2 Nf6 19. Qc6 Re6 20. f5 Bxe5 21.
fxe6 Bb8 22. Qxc8+ 1-0

[Event "Quebec-ch 1/2 final"]
[Site "Montreal CAN"]
[Date "2002.06.08"]
[Round "2"]
[White "Tomb, Maroun"]
[Black "Duong, Thanh Nha"]
[Result "1/2-1/2"]
[WhiteElo "2189"]
[BlackElo "2351"]
[PlyCount "45"]
[EventDate "2002.06.07"]
[EventType "swiss"]
[EventRounds "5"]
[EventCountry "CAN"]

1. c4 e5 2. Nc3 Nf6 3. a3 c6 4. d4 exd4 5. Qxd4 d5 6. cxd5 cxd5 7. Bg5 Be7 8.
Nf3 Nc6 9. Qd3 O-O 10. Rd1 Qa5 11. Qb5 Qxb5 12. Nxb5 Bg4 13. e3 h6 14. Bh4 Bxf3
15. gxf3 a6 16. Nd4 Nxd4 17. Rxd4 Rac8 18. Kd2 Rc6 19. Bh3 g5 20. Bg3 Bc5 21.
Rd3 Re8 22. Bf5 Kg7 23. h4 1/2-1/2

[Event "Quebec-ch 1/2 final"]
[Site "Montreal CAN"]
[Date "2002.06.08"]
[Round "3"]
[White "Bannon, Eric"]
[Black "Duong, Thanh Nha"]
[Result "0-1"]
[WhiteElo "2202"]
[BlackElo "2351"]
[PlyCount "52"]
[EventDate "2002.06.07"]
[EventType "swiss"]
[EventRounds "5"]
[EventCountry "CAN"]

1. e4 c6 2. d4 d5 3. Nc3 dxe4 4. Nxe4 Nf6 5. Nxf6+ gxf6 6. c3 Bf5 7. Ne2 Nd7 8.
Ng3 Bg6 9. f4 f5 10. Bc4 e6 11. O-O Nb6 12. Bb3 h5 13. Re1 h4 14. Nf1 Qc7 15.
c4 O-O-O 16. Be3 Bb4 17. Nd2 c5 18. dxc5 Bxc5 19. Qe2 h3 20. g3 Bh5 21. Qf2
Bxe3 22. Rxe3 Nd7 23. Bc2 Nf6 24. Rd3 Rxd3 25. Bxd3 Rd8 26. Bf1 Ng4 0-1

[Event "Quebec-ch 1/2 final"]
[Site "Montreal CAN"]
[Date "2002.06.09"]
[Round "4"]
[White "Duong, Thanh Nha"]
[Black "Lawson, Eric"]
[Result "1-0"]
[WhiteElo "2351"]
[BlackElo "2301"]
[PlyCount "107"]
[EventDate "2002.06.07"]
[EventType "swiss"]
[EventRounds "5"]
[EventCountry "CAN"]

1. c4 b6 2. Nc3 Bb7 3. e4 e6 4. d4 Bb4 5. e5 Ne7 6. Bg5 h6 7. Qh5 c5 8. a3
Bxc3+ 9. bxc3 cxd4 10. cxd4 Nbc6 11. Nf3 d5 12. Rd1 Ba6 13. cxd5 Qxd5 14. Bxa6
Qa5+ 15. Nd2 Nxd4 16. O-O Qxa6 17. Bxe7 Ne2+ 18. Kh1 Kxe7 19. Qh4+ Kf8 20. Rfe1
Rc8 21. Ne4 Kg8 22. Qe7 Nf4 23. Nd6 Rf8 24. Nxf7 Nd3 25. Nxh8 Nxf2+ 26. Kg1
Nxd1 27. Ng6 Rf2 28. Qd8+ Kh7 29. Qxd1 Rf7 30. Nh4 Qxa3 31. Qc2+ Kg8 32. Nf3
Qe7 33. Rd1 b5 34. Nd4 b4 35. Nc6 Qc7 36. Rd8+ Rf8 37. Qc5 Rxd8 38. Ne7+ Qxe7
39. Qxe7 Rb8 40. Qxa7 Rb5 41. Qd4 Rd5 42. Qxb4 Kf7 43. Qe4 Rb5 44. h4 Rd5 45.
Kf2 Rb5 46. Kf3 Rd5 47. Kg4 Rd7 48. Kh5 Re7 49. Qf3+ Ke8 50. Kg6 Rc7 51. Qa8+
Kd7 52. Kxg7 h5 53. Kf6 Rc2 54. Qa4+ 1-0

[Event "Quebec-ch 1/2 final"]
[Site "Montreal CAN"]
[Date "2002.06.09"]
[Round "5"]
[White "Hua, Lefong"]
[Black "Duong, Thanh Nha"]
[Result "1/2-1/2"]
[WhiteElo "2307"]
[BlackElo "2351"]
[PlyCount "71"]
[EventDate "2002.06.07"]
[EventType "swiss"]
[EventRounds "5"]
[EventCountry "CAN"]

1. c4 e6 2. Nc3 d5 3. d4 Nf6 4. cxd5 exd5 5. Bg5 Be7 6. e3 c6 7. Qc2 O-O 8. Bd3
Nbd7 9. Nf3 Re8 10. O-O-O Nf8 11. h3 Be6 12. g4 Rc8 13. Kb1 Ne4 14. Bxe7 Qxe7
15. Nxe4 dxe4 16. Bxe4 Bxa2+ 17. Kxa2 Qxe4 18. Qxe4 Rxe4 19. Rc1 Ree8 20. Rc2
Nd7 21. Rhc1 Nb6 22. Rc5 Rcd8 23. b4 a6 24. Re5 Rxe5 25. Nxe5 Kf8 26. Kb3 Rd5
27. Nd3 Rd8 28. Nc5 Rb8 29. g5 Ke7 30. e4 Nd7 31. Nxd7 Kxd7 32. Kc4 Kd6 33. Ra1
Rh8 34. Rg1 Ra8 35. Ra1 Rh8 36. Rg1 1/2-1/2

[Event "Carnaval"]
[Site "Quebec CAN"]
[Date "2002.02.09"]
[Round "2"]
[White "Lawson, Eric"]
[Black "Duong, Thanh Nha"]
[Result "1-0"]
[WhiteElo "2133"]
[BlackElo "2364"]
[PlyCount "57"]
[EventDate "2002.02.08"]
[EventType "swiss"]
[EventRounds "5"]
[EventCountry "CAN"]
[Source "CFC"]
[SourceDate "2002.04.??"]

1. d4 f5 2. Bg5 c5 3. d5 h6 4. Bd2 Nf6 5. Nc3 g6 6. e4 fxe4 7. Nxe4 Qb6 8.
Nxf6+ exf6 9. Bc3 Kf7 10. Bd3 d6 11. Qf3 Bg7 12. Ne2 Qd8 13. O-O-O f5 14. Bxg7
Kxg7 15. Nf4 Na6 16. Bxa6 bxa6 17. Rhe1 Qf6 18. Qg3 Qg5 19. Qc3+ Kh7 20. g3 Rf8
21. h4 Qd8 22. Re3 Rb8 23. Rde1 Rb7 24. R1e2 Qf6 25. Qxf6 Rxf6 26. Re8 Rc7 27.
R2e7+ Rxe7 28. Rxe7+ Kg8 29. Rxa7 1-0

[Event "Carnaval"]
[Site "Quebec CAN"]
[Date "2002.02.09"]
[Round "3"]
[White "Duong, Thanh Nha"]
[Black "Bergeron, Pascal"]
[Result "1-0"]
[WhiteElo "2364"]
[BlackElo "2089"]
[PlyCount "138"]
[EventDate "2002.02.08"]
[EventType "swiss"]
[EventRounds "5"]
[EventCountry "CAN"]

1. Nf3 d5 2. d4 f5 3. g3 Nf6 4. Bg2 e6 5. c4 c6 6. O-O Bd6 7. b3 Qe7 8. a4 a5
9. Ba3 Bxa3 10. Nxa3 O-O 11. Nc2 b6 12. Nce1 Bb7 13. Nd3 Na6 14. Nfe5 Rac8 15.
Rc1 c5 16. e3 Rfd8 17. Nf4 Nb4 18. Qe2 Ba6 19. Rfd1 Rc7 20. Qb2 dxc4 21. bxc4
cxd4 22. exd4 Rdc8 23. Qb3 Nfd5 24. Nxe6 Qxe6 25. cxd5 Qd6 26. Rc6 Nxc6 27.
dxc6+ Kh8 28. Nf7+ Rxf7 29. Qxf7 Rf8 30. Qd7 Qb4 31. c7 h6 32. f4 Bc8 33. Qd8
Kg8 34. Qd5+ Kh7 35. Qb5 Qd6 36. Qe5 Qb4 37. Bc6 Rf7 38. Re1 Rxc7 39. d5 Qc5+
40. Kg2 Rf7 41. Qe8 Rf8 42. Qe7 Qxe7 43. Rxe7 Rf6 44. Ra7 Rd6 45. Rc7 Ba6 46.
Re7 Bc4 47. Re5 Kg6 48. Kf2 Kf6 49. Ke3 Bf1 50. Kd4 Bg2 51. Re2 Rxc6 52. dxc6
Bxc6 53. Rb2 Bxa4 54. Rxb6+ Kf7 55. Ra6 Bc2 56. Rxa5 Kf6 57. Ra6+ Kf7 58. Ke5
Bd3 59. Ra7+ Kg8 60. Rc7 Be4 61. Ke6 h5 62. Rc8+ Kh7 63. Kf7 Bd5+ 64. Kf8 g6
65. Rc7+ Kh6 66. Ke7 h4 67. Kf6 hxg3 68. hxg3 Bf3 69. Rc8 Kh5 1-0

[Event "Carnaval"]
[Site "Quebec CAN"]
[Date "2002.02.10"]
[Round "4"]
[White "Caire, Francois"]
[Black "Duong, Thanh Nha"]
[Result "0-1"]
[WhiteElo "2120"]
[BlackElo "2364"]
[PlyCount "78"]
[EventDate "2002.02.08"]
[EventType "swiss"]
[EventRounds "5"]
[EventCountry "CAN"]

1. d4 Nf6 2. c4 e6 3. Nc3 d5 4. Nf3 Be7 5. Qc2 Nc6 6. cxd5 Nb4 7. Qb1 exd5 8.
a3 Na6 9. Bg5 h6 10. Bh4 c5 11. e3 Nc7 12. Bd3 O-O 13. O-O Ne6 14. dxc5 Nxc5
15. b4 Ne6 16. Rd1 b6 17. Ra2 Bb7 18. Rad2 d4 19. Nxd4 Nxd4 20. exd4 Rc8 21.
Qb3 Ng4 22. Bxe7 Qxe7 23. Bf5 Rce8 24. Ne2 Nf6 25. h3 Nd5 26. Ng3 Nf4 27. d5
Qd6 28. Bg4 g6 29. Bf3 f5 30. Ne2 Nxe2+ 31. Bxe2 Re7 32. Bb5 f4 33. Bc6 Bc8 34.
f3 Rf5 35. Rd4 Rfe5 36. Rxf4 Re2 37. Qc4 Bxh3 38. Qd4 Rxg2+ 39. Kh1 Ree2 0-1

[Event "Bonne annee"]
[Site "Levis CAN"]
[Date "2002.01.05"]
[Round "2"]
[White "Auger, Bertrand"]
[Black "Duong, Thanh Nha"]
[Result "0-1"]
[WhiteElo "2022"]
[BlackElo "2363"]
[PlyCount "88"]
[EventDate "2002.01.04"]
[EventType "swiss"]
[EventRounds "5"]
[EventCountry "CAN"]

1. Nf3 c5 2. c4 g6 3. g3 Bg7 4. Bg2 Nc6 5. O-O e5 6. Nc3 Nge7 7. d3 d6 8. Bd2
O-O 9. a3 f5 10. Rb1 h6 11. b4 g5 12. b5 Nb8 13. Qc1 Nd7 14. h4 g4 15. Nh2 Kh7
16. e4 Nf6 17. exf5 Nxf5 18. Qd1 h5 19. Bg5 Qd7 20. Re1 Qf7 21. Bxf6 Bxf6 22.
Be4 Kh8 23. Bxf5 Bxf5 24. Ne4 Be7 25. Qd2 Qg6 26. Nf1 Rf7 27. Qc2 b6 28. Ne3
Be6 29. Re2 Rf3 30. Kg2 Qf7 31. Nc3 Rf8 32. Rf1 Bxh4 33. Ne4 Be7 34. Qd1 Kg7
35. Ree1 d5 36. cxd5 Bxd5 37. Nxd5 Qxd5 38. Re3 Bg5 39. Rxf3 Rxf3 40. Qe2 Rxd3
41. Kh2 Be7 42. a4 c4 43. Rc1 Kg6 44. Rc2 Bb4 0-1

[Event "Bonne annee"]
[Site "Levis CAN"]
[Date "2002.01.06"]
[Round "4"]
[White "Gaspariants, Garry"]
[Black "Duong, Thanh Nha"]
[Result "1-0"]
[WhiteElo "2275"]
[BlackElo "2363"]
[PlyCount "135"]
[EventDate "2002.01.04"]
[EventType "swiss"]
[EventRounds "5"]
[EventCountry "CAN"]

1. Nf3 d5 2. b3 c6 3. e3 Bg4 4. h3 Bh5 5. Bb2 Nd7 6. Be2 e6 7. Ne5 Bxe2 8. Qxe2
Nxe5 9. Bxe5 f6 10. Bg3 e5 11. e4 Ne7 12. f4 exf4 13. Bxf4 dxe4 14. Qxe4 Qd5
15. Nc3 Qxe4+ 16. Nxe4 Nd5 17. Bd6 Nb4 18. Kd1 O-O-O 19. Bxf8 Rhxf8 20. d3 Rfe8
21. Re1 Kc7 22. Kd2 Nd5 23. Nc5 Kb8 24. g3 b6 25. Ne6 Rd7 26. Nd4 Rc8 27. Re2
c5 28. Ne6 Re8 29. Rae1 g5 30. Re4 Rde7 31. Ng7 Rxe4 32. dxe4 Re7 33. exd5 Rxg7
34. g4 Kc7 35. Kd3 Rf7 36. Rf1 Kd6 37. c4 Ke5 38. Rf5+ Kd6 39. a4 Rf8 40. Rf3
Ke7 41. Re3+ Kd7 42. Ke4 Re8+ 43. Kf3 Rf8 44. Re6 f5 45. Rh6 fxg4+ 46. Kxg4
Rf4+ 47. Kxg5 Rf3 48. Rxh7+ Kd6 49. h4 Rxb3 50. Rxa7 Rg3+ 51. Kh6 Rg4 52. h5
Rxc4 53. Kg5 Kxd5 54. h6 Rc1 55. h7 Rh1 56. Kg6 c4 57. Ra8 Kc5 58. h8=Q Rxh8
59. Rxh8 Kb4 60. Rc8 Kxa4 61. Rxc4+ Kb3 62. Rc8 b5 63. Kf5 b4 64. Ke4 Kb2 65.
Kd3 b3 66. Kc4 Kc2 67. Kb4+ Kb2 68. Rc3 1-0

[Event "Pere Noel"]
[Site "Montreal CAN"]
[Date "2001.12.29"]
[Round "4"]
[White "Duong, Thanh Nha"]
[Black "Gottlieb, Jonathan"]
[Result "0-1"]
[WhiteElo "2378"]
[BlackElo "2175"]
[PlyCount "68"]
[EventDate "2001.12.26"]
[EventType "swiss"]
[EventRounds "5"]
[EventCountry "CAN"]

1. c4 e6 2. Nc3 d5 3. cxd5 exd5 4. d4 c5 5. Nf3 Nc6 6. e3 Nf6 7. Be2 Be7 8.
dxc5 Bxc5 9. a3 O-O 10. O-O Re8 11. b4 Bb6 12. Na4 Bc7 13. Bb2 Bg4 14. Nd4 Ne5
15. Nb5 Bb8 16. Bd4 h5 17. h3 Ne4 18. f3 Bxh3 19. fxe4 Bxg2 20. Rf5 Bxe4 21.
Rxh5 g6 22. Rh2 Qg5+ 23. Bg4 Nf3+ 24. Qxf3 Bxh2+ 25. Kxh2 Bxf3 26. Bxf3 Rxe3
27. Bxe3 Qe5+ 28. Kg2 Qxa1 29. Nc5 Re8 30. Bd4 Qa2+ 31. Bf2 Re5 32. Nc3 Rg5+
33. Kf1 Qxa3 34. Nxd5 Qxf3 0-1

[Event "Lac Beauport"]
[Site "Lac Beauport CAN"]
[Date "2000.11.11"]
[Round "2"]
[White "Duong, Thanh Nha"]
[Black "Masse, Hugues"]
[Result "1-0"]
[WhiteElo "2388"]
[BlackElo "2098"]
[PlyCount "73"]
[EventDate "2000.11.10"]
[EventType "swiss"]
[EventRounds "5"]
[EventCountry "CAN"]

1. d4 f5 2. g3 Nf6 3. Bg2 g6 4. c4 Bg7 5. Nh3 O-O 6. O-O d6 7. d5 c5 8. Nf4 Na6
9. Nc3 Nc7 10. e4 fxe4 11. Nxe4 b5 12. cxb5 Nxe4 13. Bxe4 Nxb5 14. h4 Nd4 15.
h5 g5 16. Ne6 Nxe6 17. dxe6 Rb8 18. h6 Bd4 19. Qg4 Kh8 20. Bxg5 Rxb2 21. Rad1
Rfxf2 22. Rxf2 Bxf2+ 23. Kh1 Qf8 24. Rd5 Qg8 25. Rxd6 Bd4 26. Qf5 Rxa2 27. Rd8
Ra1+ 28. Kh2 Ra2+ 29. Kh3 Bxe6 30. Rxg8+ Bxg8 31. Bf4 Ra6 32. Be5+ Bxe5 33.
Qxe5+ Rf6 34. g4 Be6 35. Qb8+ Bg8 36. g5 Rd6 37. Qf8 1-0

[Event "Quebec-ch classe"]
[Site "St-Jean CAN"]
[Date "2000.10.07"]
[Round "2"]
[White "Duong, Thanh Nha"]
[Black "Belanger, Jacques"]
[Result "1-0"]
[WhiteElo "2383"]
[BlackElo "2109"]
[PlyCount "133"]
[EventDate "2000.10.06"]
[EventType "swiss"]
[EventRounds "5"]
[EventCountry "CAN"]

1. b3 e5 2. Bb2 d6 3. e3 Nf6 4. d4 exd4 5. Qxd4 Nc6 6. Qh4 Be7 7. Qg3 O-O 8.
Bd3 h6 9. Ne2 Nb4 10. Nf4 Nxd3+ 11. cxd3 d5 12. O-O Bd6 13. Qh4 Be7 14. Nc3 c6
15. Qg3 Bd6 16. Nce2 Nh5 17. Qf3 Nxf4 18. Nxf4 Qg5 19. h3 Be5 20. Bxe5 Qxe5 21.
d4 Qf6 22. Qg3 Bf5 23. Rac1 Kh8 24. Rc3 Bh7 25. Rfc1 Qd6 26. h4 Rg8 27. Rc5 g5
28. hxg5 hxg5 29. Ne2 Qxg3 30. Nxg3 f5 31. R5c3 Raf8 32. Ne2 f4 33. exf4 gxf4
34. f3 Rf6 35. Kf2 Kg7 36. b4 a6 37. Rh1 Bg6 38. Rh4 Rgf8 39. Rc1 Bd3 40. Nc3
R8f7 41. Re1 Bc4 42. a3 Rh6 43. Rxh6 Kxh6 44. Na4 Kg6 45. Nc5 Kf6 46. Ne6 Kg6
47. Re5 Bb5 48. Nc5 Kf6 49. Re6+ Kf5 50. Re5+ Kg6 51. a4 b6 52. axb5 bxc5 53.
bxa6 cxb4 54. Re6+ Kf5 55. Rxc6 b3 56. Rd6 Ra7 57. Rxd5+ Ke6 58. Rb5 Rxa6 59.
Rxb3 Ra2+ 60. Kg1 Rd2 61. Rb6+ Kd5 62. Rb8 Rxd4 63. Rd8+ Ke5 64. Rxd4 Kxd4 65.
Kh2 Ke5 66. Kh3 Kf5 67. Kh4 1-0